Premier League Transfers 20/21 - Statistics

General Stats
  • This quiz has been taken 402 times
    366 since last reset
  • The average score is 28 of 60
Answer Stats
From To Fee Nation Player % Correct
Leverkusen Chelsea 80M Germany Kai Havertz
99%
Leipzig Chelsea 53M Germany Timo Werner
98%
Benfica Man City 68M Portugal Ruben Dias
97%
Wolves Liverpool 44M Portugal Diogo Jota
96%
Bournemouth Man City 45M Netherlands Nathan Ake
96%
Atletico Arsenal 50M Ghana Thomas Partey
95%
Ajax Chelsea 40M Morocco Hakim Ziyech
92%
Bayern Liverpool 30M Spain Thiago
88%
Ajax Man United 39M Netherlands Donny van de Beek
85%
Leicester Chelsea 50M England Ben Chilwell
83%
Valencia Leeds 30M Spain Rodrigo
72%
Porto Wolves 40M Portugal Fabio Silva
71%
PSG Chelsea FREE Brazil Thiago Silva
69%
Napoli Everton 25M Brazil Allan
68%
Barcelona Wolves 30M Portugal Nelson Semedo
65%
Lille Arsenal 26M Brazil Gabriel
64%
Saint-Etienne Leicester 35M France Wesley Fofana
63%
Brentford Villa 30M England Ollie Watkins
62%
Valencia Man City 23M Spain Ferran Torres
57%
Liverpool Sheffield 26M England Rhian Brewster
56%
Real Spurs 30M Spain Sergio Reguilon
56%
Arsenal Villa 17M Argentina Emiliano Martinez
55%
Lyon Villa 18M Burkina Faso Bertrand Traore
54%
Atalanta Leicester 24M Belgium Timothy Castagne
54%
Bournemouth Newcastle 22M England Callum Wilson
53%
Wolves Spurs 16M Ireland Matt Doherty
50%
Stade Rennes Chelsea 24M France Edouard Mendy
49%
Watford Everton 22M France Abdoulaye Doucoure
46%
QPR Crystal Palace 17M England Eberechi Eze
46%
Stade Rennes Leeds 17M Brazil Raphinha
44%
Southampton Spurs 16M Denmark Pierre-Emile Hojbjerg
43%
Real Spurs LOAN Wales Gareth Bale
42%
Porto Man United 15M Brazil Alex Telles
41%
PSG Man United FREE Uruguay Edinson Cavani
34%
Real Madrid Everton FREE Colombia James Rodriguez
34%
Olympiakos Liverpool 13M Greece Konstantinos Tsimikas
34%
Bournemouth Sheffield 20M England Aaron Ramsdale
32%
Chelsea Arsenal FREE Brazil Willian
27%
Liverpool Brighton FREE England Adam Lallana
26%
Norwich Newcastle 16M England Jamal Lewis
26%
Nottingham Villa 15M England Matty Cash
24%
Nice Chelsea FREE France Malang Sarr
23%
Spurs Southampton 13M England Kyle Walker-Peters
22%
PSG Fulham LOAN France Alphonse Areola
20%
Ajax Brighton 1M Netherlands Joel Veltman
20%
Liverpool Wolves 9M Netherlands Ki-Jana Hoever
20%
Chelsea Villa LOAN England Ross Barkley
20%
Bournemouth Newcastle FREE Scotland Ryan Fraser
20%
Roma Leicester LOAN+3M Turkey Cengiz Under
19%
Chelsea Sheffield LOAN Wales Ethan Ampadu
19%
Benfica Spurs LOAN+3M Brazil Carlos Vinicius
18%
Southampton Fulham LOAN+2M Gabon Mario Lemina
18%
Lyon Fulham LOAN+1M Denmark Joachim Andersen
17%
Lyon Fulham 3.2M Netherlands Kenny Tete
17%
Lyon Wolves 2M Brazil Marcal
17%
Chelsea Fulham LOAN England Ruben Loftus-Cheek
17%
Zenit West Brom FREE Serbia Branislav Ivanovic
14%
Chelsea Crystal Palace LOAN Belgium Michy Batshuayi
13%
Burnley Spurs FREE England Joe Hart
12%
Everton Southampton LOAN England Theo Walcott
9%
No matching quizzes found
Score Distribution
Percent of People with Each Score
Percentile by Number Answered
Your Score History
You have not taken this quiz since the last reset